| 000 | 00490nam a2200193Ia 4500 | ||
|---|---|---|---|
| 003 | 0100 | ||
| 008 | 130227s9999 xx 000 0 und d | ||
| 040 | _cARRUPELIB | ||
| 050 | _aDT3113.O64 | ||
| 245 | _aOne Zambia, many histories | ||
| 245 | _btowards a history of post-colonial Zambia | ||
| 260 | _aLeiden | ||
| 260 | _bBrill | ||
| 260 | _C2008 | ||
| 300 | _a304p. | ||
| 300 | _b 23 cm | ||
| 700 | _aGewald, Jan-Bart ; Hinfelaar, Marja ; Macola, Giacomo (ed.) | ||
| 942 |
_2lcc _02 |
||
| 999 |
_c4901 _d4901 |
||